LEADER 01137nam0 22002891i 450 001 UON00168385 005 20231205103042.106 010 $a41-220-1152-3 100 $a20030402d1984 |0itac50 ba 101 $ajpn 102 $aJP 105 $a||||p ||||| 200 1 $aSeishun monogatari$fTanizaki Jun'ichiro 210 $aTokyo$cChuo Koronsha$d1984 215 $a219 p.$d17 cm 410 1$1001UON00144567$12001 $aChuko bunko$vA1,15 606 $aLetteratura giapponese$xNarrativa$xSec. 20.$3UONC000232$2FI 620 $aJP$dTo?kyo?$3UONL000031 686 $aGIA VI BA$cGiappone - Letteratura moderna e contemporanea - Testi$2A 700 0$aTANIZAKI Jun'ichiro$3UONV000580$011154 712 $aChu?o? Ko?ronsha$3UONV246427$4650 801 $aIT$bSOL$c20260220$gRICA 899 $aSIBA - SISTEMA BIBLIOTECARIO DI ATENEO E ARCHIVIO STORICO$2UONSI 912 $aUON00168385 950 $aSIBA - SISTEMA BIBLIOTECARIO DI ATENEO E ARCHIVIO STORICO$dSI GIA VI BA 1087 N $eSI SA 107962 7 1087 N 996 $aSeishun monogatari$91282239 997 $aUNIOR